Eastern Utah Libraries Catalog: Duchesne, Heber, Roosevelt, & Vernal

Taken 3 / (Record no. 195055)

MARC details
000 -LEADER
fixed length control field 04371cgm a2200853Ii 4500
001 - CONTROL NUMBER
control field ocn904563076
003 - CONTROL NUMBER IDENTIFIER
control field OCoLC
005 - DATE AND TIME OF LATEST TRANSACTION
control field 20241220162306.0
007 - PHYSICAL DESCRIPTION FIXED FIELD--GENERAL INFORMATION
fixed length control field vd cvaizq
008 - FIXED-LENGTH DATA ELEMENTS--GENERAL INFORMATION
fixed length control field 150309s2015 cau109 vleng d
040 ## - CATALOGING SOURCE
Original cataloging agency TEFMT
Language of cataloging eng
Description conventions rda
Transcribing agency TEFMT
Modifying agency OCLCO
-- TEF
-- TEFMT
-- OH9WF
-- IEP
-- PX0
-- GK8
-- UPZ
-- UINTA
024 1# - OTHER STANDARD IDENTIFIER
Standard number or code 024543997825
024 1# - OTHER STANDARD IDENTIFIER
Standard number or code 024543997832
028 42 - PUBLISHER NUMBER
Publisher number 2299782
Source 20th Century Fox
028 42 - PUBLISHER NUMBER
Publisher number 2299783
Source 20th Century Fox
035 ## - SYSTEM CONTROL NUMBER
System control number (OCoLC)904563076
037 ## - SOURCE OF ACQUISITION
Source of stock number/acquisition Midwest Tape
Note http://www.midwesttapes.com
041 1# - LANGUAGE CODE
Language code of text/sound track or separate title eng
-- spa
-- fre
-- spa
-- eng
Language code of original and/or intermediate translations of text eng
050 #4 - LIBRARY OF CONGRESS CALL NUMBER
Classification number PN1997.2
Item number .T35 2015
082 04 - DEWEY DECIMAL CLASSIFICATION NUMBER
Classification number 791.43/72
Edition number 23
049 ## - LOCAL HOLDINGS (OCLC)
Holding library UCLB
245 00 - TITLE STATEMENT
Title Taken 3 /
Statement of responsibility, etc Twentieth Century Fox presents ; a Europacorp, M6 Films co-production ; with the participation of Canal+, M6 and Cine+ ; produced by Luc Besson ; written by Luc Besson & Robert Mark Kamen ; directed by Olivier Megaton.
246 3# - VARYING FORM OF TITLE
Title proper/short title Taken three
246 1# - VARYING FORM OF TITLE
Display text Title appears on container as:
Title proper/short title Tak3n
257 ## - COUNTRY OF PRODUCING ENTITY FOR ARCHIVAL FILMS
Country of producing entity France.
-- naf
264 #1 - Production, Publication, Distribution, Manufacture, and Copyright Notice.
Place of production, publication, distribution, manufacture Beverly Hills, CA :
Name of producer, publisher, distributor, manufacturer Twentieth Century Fox Home Entertainment,
Date of production, publication, distribution, manufacture, or copyr [2015]
300 ## - PHYSICAL DESCRIPTION
Extent 1 videodisc (109 minutes) :
Other physical details sound, color ;
Dimensions 4 3/4 in.
336 ## - Content Type
Content type term two-dimensional moving image
337 ## - Media type
Media type term video
338 ## - Carrier type
Carrier type term videodisc
340 ## - PHYSICAL MEDIUM
Dimensions 4 3/4 in.
-- rda
344 ## -
-- digital
-- optical
-- surround
-- Dolby Digital 5.1
-- rda
344 ## -
-- digital
-- optical
-- surround
-- Dolby Digital 2.0
-- rda
345 ## -
-- widescreen (2.39:1)
-- 24 fps
-- rda
346 ## -
-- NTSC
-- rda
347 ## -
-- video file
-- DVD video
-- Region 1
-- rda
500 ## - GENERAL NOTE
General note Motion picture.
538 ## - SYSTEM DETAILS NOTE
System details note DVD, NTSC region 1, dual layer, widescreen (2.39:1) presentation; Dolby Digital 5.1 surround, Dolby Digital 2.0 surround.
546 ## - LANGUAGE NOTE
Language note In English, dubbed Spanish, or dubbed French; Spanish subtitles; English subtitles for the deaf and hard-of-hearing (SDH); English descriptive audio track for people with visual disabilities.
588 0# -
-- Title from disc surface.
511 1# - PARTICIPANT OR PERFORMER NOTE
Participant or performer note Liam Neeson, Maggie Grace, Famke Janssen, Forest Whitaker, Dougray Scott, Leland Orser, Jon Gries, Sam Spruell.
508 ## - CREATION/PRODUCTION CREDITS NOTE
Creation/production credits note Director of photography, Eric Kress ; original score, Nathaniel Mechaly ; editor, Audrey Simonaud, Nicolas Trembasiewicz.
500 ## - GENERAL NOTE
General note Originally released as a motion picture in 2015.
521 8# - TARGET AUDIENCE NOTE
Target audience note MPAA rating: PG-13; for intense sequences of violence and action, and for brief strong language.
520 ## - SUMMARY, ETC.
Summary, etc Ex-covert operative Bryan Mills, whose long awaited reconciliation with his ex-wife is tragically cut short when she is brutally murdered, must use his 'particular set of skills' to track down the real killers, exact his unique brand of justice, and protect the only thing that matters to him now: his daughter.
500 ## - GENERAL NOTE
General note Special features: Deleted scene; A Taken Legacy; gallery.
650 #0 - SUBJECT ADDED ENTRY--TOPICAL TERM
Topical term or geographic name as entry element Revenge
Form subdivision Drama.
9 (RLIN) 5697951
650 #0 - SUBJECT ADDED ENTRY--TOPICAL TERM
Topical term or geographic name as entry element Wives
General subdivision Death
Form subdivision Drama.
9 (RLIN) 6410903
650 #0 - SUBJECT ADDED ENTRY--TOPICAL TERM
Topical term or geographic name as entry element Fathers and daughters
Form subdivision Drama.
9 (RLIN) 5690624
655 #7 - INDEX TERM--GENRE/FORM
Genre/form data or focus term Feature films.
Source of term lcgft
655 #7 - INDEX TERM--GENRE/FORM
Genre/form data or focus term Action and adventure films.
Source of term lcgft
655 #7 - INDEX TERM--GENRE/FORM
Genre/form data or focus term Thrillers (Motion pictures)
Source of term lcgft
655 #7 - INDEX TERM--GENRE/FORM
Genre/form data or focus term Fiction films.
Source of term lcgft
655 #7 - INDEX TERM--GENRE/FORM
Genre/form data or focus term Video recordings for the hearing impaired.
Source of term lcgft
655 #7 - INDEX TERM--GENRE/FORM
Genre/form data or focus term Video recordings for people with visual disabilities.
Source of term lcgft
9 (RLIN) 5676923
700 1# - ADDED ENTRY--PERSONAL NAME
Personal name Megaton, Olivier,
Dates associated with a name 1965-
Relator term film director.
9 (RLIN) 6189904
700 1# - ADDED ENTRY--PERSONAL NAME
Personal name Besson, Luc,
Relator term screenwriter,
-- film producer.
9 (RLIN) 75494
700 1# - ADDED ENTRY--PERSONAL NAME
Personal name Kamen, Robert Mark,
Relator term screenwriter.
9 (RLIN) 21859
700 1# - ADDED ENTRY--PERSONAL NAME
Personal name Neeson, Liam,
Relator term actor.
9 (RLIN) 60922
700 1# - ADDED ENTRY--PERSONAL NAME
Personal name Grace, Maggie,
Dates associated with a name 1983-
Relator term actor.
9 (RLIN) 72365
700 1# - ADDED ENTRY--PERSONAL NAME
Personal name Janssen, Famke,
Dates associated with a name 1964-
Relator term actor.
9 (RLIN) 58327
700 1# - ADDED ENTRY--PERSONAL NAME
Personal name Whitaker, Forest,
Relator term actor.
9 (RLIN) 38671
700 1# - ADDED ENTRY--PERSONAL NAME
Personal name Scott, Dougray,
Dates associated with a name 1965-
Relator term actor.
9 (RLIN) 66017
700 1# - ADDED ENTRY--PERSONAL NAME
Personal name Orser, Leland,
Relator term actor.
9 (RLIN) 5732005
700 1# - ADDED ENTRY--PERSONAL NAME
Personal name Gries, Jon,
Dates associated with a name 1957-
Relator term actor.
9 (RLIN) 71176
700 1# - ADDED ENTRY--PERSONAL NAME
Personal name Spruell, Sam,
Relator term actor.
9 (RLIN) 6452860
710 2# - ADDED ENTRY--CORPORATE NAME
Corporate name or jurisdiction name as entry element Twentieth Century-Fox Film Corporation,
Relator term production company.
9 (RLIN) 5758
710 2# - ADDED ENTRY--CORPORATE NAME
Corporate name or jurisdiction name as entry element EuropaCorp,
Relator term production company.
9 (RLIN) 73334
710 2# - ADDED ENTRY--CORPORATE NAME
Corporate name or jurisdiction name as entry element M6 films (Firm),
Relator term production company.
9 (RLIN) 5852566
710 2# - ADDED ENTRY--CORPORATE NAME
Corporate name or jurisdiction name as entry element Studio Canal+,
Relator term production company.
710 2# - ADDED ENTRY--CORPORATE NAME
Corporate name or jurisdiction name as entry element Cin�e+ (France),
Relator term production company.
9 (RLIN) 6475310
710 2# - ADDED ENTRY--CORPORATE NAME
Corporate name or jurisdiction name as entry element Twentieth Century Fox Home Entertainment, Inc.,
Relator term film distributor.
9 (RLIN) 61951
994 ## -
-- C0
-- UINTA
Holdings
Withdrawn status Lost status Source of classification or shelving scheme Damaged status Not for loan Collection code Home library Current library Shelving location Date acquired Source of acquisition Cost, normal purchase price Total Checkouts Total Renewals Full call number Barcode Date last seen Date checked out Cost, replacement price Price effective from Koha item type
    Dewey Decimal Classification     Movies Wasatch County Library Wasatch County Library Audio Visual Area 04/29/2015 Amazon 15.95 78 13 DVD Tak 34301001425596 02/02/2026 01/21/2026 15.95 03/20/2020 DVD
This project was made possible through a grant from the Institute of Museum and Library Service administered by the Utah State Library Division.

Wasatch County Library

  • 465 East 1200 South, Heber City, Utah 84032
  • Phone 435-654-1511 | Fax 435-654-6456

Hours

  • Monday - Friday 9:30 AM - 8:00 PM
  • Saturday 9:30 AM - 1:30 PM
  • Closed Sundays and Holidays